000 00565nam a2200121Ia 4500
008 220615s9999||||xx |||||||||||||| ||und||
100 _aMcKeown, John
245 0 _aGod's Babies
_bNatalism and Bible Interpretation in Modern America
546 _aEnglish[eng]
650 _afecundity||ecology||biodiversity||family||bible||christianlity||natalism||Augustine of Hippo||God||Old Testament||United States
856 _uhttps://library.oapen.org/bitstream/20.500.12657/30346/1/646653.pdf||https://library.oapen.org/bitstream/20.500.12657/30346/1/646653.pdf
942 _cEB
999 _c12511
_d12511